Kerala district gazetteers: Allephey (Record no. 487131)

000 -LEADER
fixed length control field 00337cam a22001097a 4500
008 - FIXED-LENGTH DATA ELEMENTS--GENERAL INFORMATION
fixed length control field 180718b1975 xxu||||| |||| 00| 0 eng d
082 ## - DEWEY DECIMAL CLASSIFICATION NUMBER
Classification number A75 K45A
245 ## - TITLE STATEMENT
Title Kerala district gazetteers: Allephey
Statement of responsibility, etc. edited by A. Sreedhara Menon
260 ## - PUBLICATION, DISTRIBUTION, ETC.
Place of publication, distribution, etc. Trivandrum
Name of publisher, distributor, etc. Kerala District Gazetteers
Date of publication, distribution, etc. 1975
300 ## - PHYSICAL DESCRIPTION
Extent 630+p.
700 ## - ADDED ENTRY--PERSONAL NAME
Personal name Menon, A. Sreedhara
Holdings
Withdrawn status Lost status Damaged status Not for loan Permanent Location Current Location Date acquired Full call number Barcode Date last seen Price effective from Koha item type
        Indian Institute of Public Administration Indian Institute of Public Administration 2018-08-04 A75 K45A G16554 2018-08-04 2018-08-04 G

Powered by Koha